| 000 | 01901 a2200349 4500 | ||
|---|---|---|---|
| 001 | 47085 | ||
| 005 | 20260407155739.0 | ||
| 008 | 260407a1991 arg spa d | ||
| 003 | AR-UNSa-BCEJYS | ||
| 040 |
_aAR-UNSa-BCEJYS _bspa _cAR-UNSa-BCEJYS |
||
| 080 |
_a32 _xPolítica |
||
| 245 | 1 | 0 | _aElecciones y política económica en América Latina |
| 020 | _a950-718-027-3 | ||
| 264 | 1 |
_aBuenos Aires : _bTesis _c1991 |
|
| 300 |
_a431 p. _c20 cm. |
||
| 505 | _a1. INTRODUCCIÓN : Consolidación de la democracia y políticas económicas en América Latina / Guillermo - 2. ARGENTINA : Hiperinflación y estabilización : la experiencia reciente / Mario Damill - Roberto Frenkel - 3. BOLIVIA : De la estabilización impuesta al crecimiento negociado / Gonzalo Chávez Álvarez - 4. BRASIL : Los primeros tres meses del Plan Collor / Dionisio D. Carneiro - 5. COLOMBIA : Apertura y recuperación del crecimiento económico / Eduardo Lora - Catalina Crane - 6. CHILE : Fundamentos originales de las políticas macroeconómicas del gobierno democrático chileno (1990-93) / Joaquín Vial - Andrea Butelman. Carmen Celedón - 7. MÉXICO : El " Pacto de Solidaridad Económica ": heterodoxia puesta en marcha en México / Nora Lusting - 8. PERÚ : Ajuste e inflación en el Plan Fujimori / Javier Iguíñiz Echeverría. | ||
| 942 | _cBK | ||
| 590 | _aniveau_biblio:m niveau_hierar:0 | ||
| 100 | 1 | _aRozenwurcel, Guillermo | |
| 700 | 1 | _aButelman, Andrea | |
| 700 | 1 | _aCeledón, Carmen | |
| 700 | 1 | _aCrane, Catalina | |
| 700 | 1 | _aChávez Alvarez, Gonzalo | |
| 700 | 1 | _aDamill, Mario | |
| 700 | 1 | _aDias Carneiro, Dionisio | |
| 700 | 1 | _aFrenkel, Roberto | |
| 700 | 1 | _aIguiñiz Echeverría, Javier | |
| 700 | 1 | _aLora, Eduardo | |
| 700 | 1 | _aLustig, Nora | |
| 700 | 1 | _aVial, Joaquín | |
| 856 | 4 | 1 |
_uhttps://www.biblioeco.unsa.edu.ar/pmb/images/libros/L127386.jpg _yImagen de portada _qimage/jpeg |
| 999 |
_c4282 _d4282 |
||